[Event "Ch Europe (juniors)"]
[Site "masterchessopen.com - Arnhem (Netherlands)"]
[Round "5"]
[White "Thorhallsson Throstur (ISL)"]
[Black "Meric Tuncay (TUR)"]
[Result "1-0"]
[WhiteElo "2345"]
[BlackElo "2151"]

1.d4 Nf6 2.c4 e6 3.Nc3 c5 4.d5 exd5 5.cxd5 d6 6.e4 g6 7.f4 Bg7 8.Bb5+ Nfd7
9.a4 O-O 10.Nf3 Na6 11.O-O Nb4 12.Re1 Nf6 13.h3 b6 14.e5 Ne8 15.Ng5 h6 16.e6
fxe6 17.Nxe6 Bxe6 18.Rxe6 Nf6 19.Bd3 Qd7 20.Bb5 Qc7 21.Qe2 Rf7 22.Bd3 Qd7
23.Bxg6 {#r} 1-0

[Event "It (open) \"]
[Site "masterchessopen.com - Athens (Greece)"]
[Round "1"]
[White "Conquest Stuart (ENG)"]
[Black "Alexakis Dimitrios (GRE)"]
[Result "1-0"]
[WhiteElo "2515"]
[BlackElo "2182"]

1.d4 Nf6 2.c4 c5 3.d5 e6 4.Nc3 exd5 5.cxd5 d6 6.e4 g6 7.f4 Bg7 8.Bb5+ Nfd7
9.a4 O-O 10.Nf3 a6 11.Be2 Nf6 12.O-O Bg4 13.e5 dxe5 14.fxe5 Bxf3 15.gxf3 Ne8
16.f4 Nd7 17.Be3 Qe7 18.d6 Qd8 19.Qd5 g5 20.Kh1 Kh8 21.Rg1 gxf4 22.Bxf4 Qb6
23.Bg4 f5 24.Bf3 Qxb2 25.Ne2 {#r} 1-0

[Event "It (open)"]
[Site "masterchessopen.com - Balatonbereny (Hungary)"]
[Round "0"]
[White "Gauglitz Gernot (GER)"]
[Black "Hever Miklos (HUN)"]
[Result "1-0"]
[WhiteElo "2465"]
[BlackElo "2302"]

1.d4 Nf6 2.c4 c5 3.d5 e6 4.Nc3 exd5 5.cxd5 d6 6.e4 g6 7.f4 Bg7 8.Bb5+ Nfd7
9.a4 O-O 10.Nf3 a6 11.Bd3 Nf6 12.h3 c4 13.Bc2 Qc7 14.O-O Re8 15.Re1 Nbd7
16.Be3 b6 17.Qd2 Bb7 18.Rad1 Rad8 19.Bf2 Nc5 20.Bh4 Rd7 21.e5 dxe5 22.Nxe5 Rd6
23.Nxc4 Nce4 24.Nxe4 Nxe4 25.Nxd6 Nxd2 26.Rxe8+ Bf8 27.Rxd2 Qc5+ 28.Kh1 Qxd6
29.Be7 Qxf4 30.Bxf8 {#r} 1-0

[Event "Ch Finland (team)"]
[Site "masterchessopen.com - Finland"]
[Round "0"]
[White "Lako Mika (FIN)"]
[Black "Viljava Tapani (FIN)"]
[Result "1-0"]
[WhiteElo "2230"]
[BlackElo "2186"]

1.d4 Nf6 2.c4 e6 3.Nc3 c5 4.d5 exd5 5.cxd5 d6 6.e4 g6 7.f4 Bg7 8.Bb5+ Nfd7
9.a4 O-O 10.Nf3 Na6 11.O-O Qc7 12.f5 c4 13.Bxd7 Bxd7 14.Ng5 h6 15.Nh3 Rfe8
16.Qf3 Kh7 17.Nf2 Nc5 18.Ng4 Nd3 19.Bxh6 Ne5 20.Nxe5 Bxe5 21.Qh3 Kg8 22.Qh4
Qb6+ 23.Kh1 Qxb2 24.f6 Bh3 25.Qxh3 Bxc3 26.Bg7 {#r} 1-0

[Event "corr."]
[Site "masterchessopen.com - Great Britain"]
[Round "0"]
[White "Truman Richard G (ENG)"]
[Black "Giulian Philip M (SCO)"]
[Result "1-0"]
[WhiteElo "1978"]
[BlackElo "2294"]

1.d4 Nf6 2.c4 c5 3.d5 e6 4.Nc3 exd5 5.cxd5 d6 6.e4 g6 7.f4 Bg7 8.Bb5+ Nfd7
9.a4 a6 10.Bd3 Qc7 11.Nf3 c4 12.Bc2 Nc5 13.O-O O-O 14.Be3 Nbd7 15.Bd4 Nf6
16.e5 dxe5 17.Bxe5 Qd8 18.Qd4 Ncd7 19.Ne4 Nxe5 20.Nxf6+ Qxf6 21.fxe5 Qd8
22.Qxc4 Bd7 23.Rfe1 Qb6+ 24.Kh1 Rfe8 25.e6 fxe6 26.dxe6 Bc6 27.e7+ Kh8 28.Ng5
h6 29.Nf7+ Kh7 30.Qd3 {#r} 1-0

[Event "?"]
[Site "masterchessopen.com - Moscow (Russia)"]
[Round "0"]
[White "Garcia Martinez Silvino (CUB)"]
[Black "Pigusov Evgeny (RUS)"]
[Result "0-1"]
[WhiteElo "2455"]
[BlackElo "2520"]

1.d4 Nf6 2.c4 c5 3.d5 e6 4.Nc3 exd5 5.cxd5 d6 6.e4 g6 7.f4 Bg7 8.Bb5+ Nfd7
9.a4 a6 10.Bd3 Qh4+ 11.g3 Qd8 12.Nf3 O-O 13.O-O Nf6 14.Qb3 Bh3 15.Re1 Ng4
16.Qxb7 Nd7 17.a5 Qe7 18.Bxa6 Rab8 19.Qc7 Nde5 {#R} 0-1

[Event "Ch France"]
[Site "masterchessopen.com - Royan (France)"]
[Round "0"]
[White "Lautier Joel (FRA)"]
[Black "Thebault Bernard (FRA)"]
[Result "1-0"]
[WhiteElo "2658"]
[BlackElo "2079"]

1.d4 Nf6 2.c4 e6 3.Nc3 c5 4.d5 exd5 5.cxd5 d6 6.e4 g6 7.f4 Bg7 8.Bb5+ Nfd7
9.a4 O-O 10.Nf3 Na6 11.O-O Nb4 12.Re1 f6 13.Be3 a6 14.Bf1 b6 15.Bf2 Bb7 16.h4
Re8 17.Bg3 Kh8 18.h5 Qe7 19.Nh4 Qf7 20.hxg6 hxg6 21.f5 {#r} 1-0

[Event "?"]
[Site "masterchessopen.com - Vrnjacka Banja (Serbia)"]
[Round "0"]
[White "Bareev Evgeny (RUS)"]
[Black "Ristic Nebojsa (SRB)"]
[Result "1-0"]
[WhiteElo "2555"]
[BlackElo "2379"]

1.d4 Nf6 2.c4 e6 3.Nc3 c5 4.d5 exd5 5.cxd5 d6 6.e4 g6 7.f4 Bg7 8.Bb5+ Nfd7
9.a4 O-O 10.Nf3 a6 11.Bd3 Nf6 12.h3 b6 13.O-O Bb7 14.Qb3 Ra7 15.Bc4 Nfd7
16.Bd2 Re8 17.e5 dxe5 18.Ng5 exf4 19.Bxf4 Ne5 20.Bxe5 Bxe5 21.Nxf7 Bd4+ 22.Kh1
Qd7 23.Qxb6 Ba8 24.Nd6 Rb7 25.Nxb7 Bxb7 26.Rae1 Rxe1 27.Rxe1 Kg7 28.Qe6 Bf6
29.Qe8 {#r} 1-0

[Event "Ch DDR"]
[Site "masterchessopen.com - Glauchau (Germany)"]
[Round "2"]
[White "Paehtz Thomas (GER)"]
[Black "Goldberg Alexander (GER)"]
[Result "1-0"]
[WhiteElo "2450"]
[BlackElo "2365"]

1.d4 Nf6 2.c4 c5 3.d5 e6 4.Nc3 exd5 5.cxd5 d6 6.e4 g6 7.f4 Bg7 8.Bb5+ Nfd7
9.a4 Qh4+ 10.g3 Qd8 11.Nf3 O-O 12.O-O a6 13.Bd3 Nf6 14.Kg2 Bg4 15.h3 Bxf3+
16.Qxf3 Nbd7 17.Bd2 Qc7 18.b3 Rfb8 19.Rae1 Re8 20.g4 h6 21.h4 g5 22.hxg5 hxg5
23.e5 {#r} 1-0

[Event "It (young masters)"]
[Site "masterchessopen.com - Adelaide (Australia)"]
[Round "11"]
[White "Lester George E (AUS)"]
[Black "Speck Nick (AUS)"]
[Result "0-1"]
[WhiteElo "2008"]
[BlackElo "2357"]

1.d4 Nf6 2.c4 c5 3.d5 e6 4.Nc3 exd5 5.cxd5 d6 6.e4 g6 7.f4 Bg7 8.Bb5+ Nfd7
9.a4 O-O 10.Nf3 Nf6 11.O-O Bg4 12.Be3 Nbd7 13.Kh1 Qc7 14.Be2 a6 15.Nd2 Bxe2
16.Qxe2 Rfe8 17.Bg1 Rab8 18.a5 Nxe4 19.Ndxe4 Bxc3 20.bxc3 f5 {#R} 0-1

[Event "Ch World (corr.)"]
[Site "masterchessopen.com - corr."]
[Round "0"]
[White "Baumbach Friedrich Dr (GER)"]
[Black "Danner Georg (AUT)"]
[Result "1-0"]
[WhiteElo "2239"]
[BlackElo "2408"]

1.d4 Nf6 2.c4 c5 3.d5 e6 4.Nc3 exd5 5.cxd5 d6 6.e4 g6 7.f4 Bg7 8.Bb5+ Nfd7
9.a4 Na6 10.Nf3 Nc7 11.O-O a6 12.Bxd7+ Bxd7 13.f5 O-O 14.Bg5 Bf6 15.Qd2 Ne8
16.Qf4 Qe7 17.Qh4 h5 18.Bxf6 Qxf6 19.Qg3 Ng7 20.fxg6 Qxg6 21.Qf4 f5 22.e5 dxe5
23.Nxe5 Qd6 24.Nxd7 Qxd7 25.d6 Rae8 26.Rad1 Re6 27.Nd5 Kh7 28.Nb6 Qc6 29.a5
Re2 30.Nd5 Rd8 31.Nf6+ Kg6 32.Rf3 {#r} 1-0

[Event "It (open)"]
[Site "masterchessopen.com - Mendrisio (Switzerland)"]
[Round "1"]
[White "Markotic Gordan (CRO)"]
[Black "Scheidegger Urs (SUI)"]
[Result "1-0"]
[WhiteElo "2287"]
[BlackElo "1941"]

1.d4 Nf6 2.c4 c5 3.d5 e6 4.Nc3 exd5 5.cxd5 d6 6.e4 g6 7.f4 Bg7 8.Bb5+ Nfd7
9.a4 O-O 10.Nf3 a6 11.Bd3 Re8 12.O-O Nf6 13.Re1 Ng4 14.Bc4 Nd7 15.h3 Nb6
16.Ba2 Nh6 17.e5 dxe5 18.fxe5 Nf5 19.a5 Nd7 20.e6 Nf6 21.Bg5 fxe6 22.dxe6 Qxd1
23.Rexd1 Ne7 24.Na4 h6 25.Be3 Nc6 26.Nb6 Rb8 27.Bf4 Nd4 28.Nxd4 cxd4 29.Bxb8
{#r} 1-0

[Event "It (open)"]
[Site "masterchessopen.com - Bad Woerishofen (Germany)"]
[Round "0"]
[White "Berg Klaus (DEN)"]
[Black "Bachmayr Peter (GER)"]
[Result "1-0"]
[WhiteElo "2421"]
[BlackElo "2344"]

1.d4 Nf6 2.c4 e6 3.Nc3 c5 4.d5 exd5 5.cxd5 d6 6.e4 g6 7.f4 Bg7 8.Bb5+ Nfd7
9.a4 O-O 10.Nf3 Na6 11.O-O Nc7 12.Re1 a6 13.Bf1 Re8 14.h3 Rb8 15.e5 dxe5
16.fxe5 Nxe5 17.Bf4 Nxf3+ 18.Qxf3 Bd7 19.Bc4 Rxe1+ 20.Rxe1 b5 21.axb5 axb5
22.Bxc7 Qxc7 23.Re7 Rf8 24.Bxb5 c4 25.Qf2 {#r} 1-0

[Event "It (open)"]
[Site "masterchessopen.com - Chicago (USA)"]
[Round "0"]
[White "Leverett Bruce W (USA)"]
[Black "Wojtkiewicz Aleksander (USA)"]
[Result "0-1"]
[WhiteElo "2300"]
[BlackElo "2475"]

1.d4 Nf6 2.c4 c5 3.d5 e6 4.Nc3 exd5 5.cxd5 d6 6.e4 g6 7.f4 Bg7 8.Bb5+ Nfd7
9.a4 O-O 10.Nf3 a6 11.Bd3 Nf6 12.O-O Bg4 13.h3 Bxf3 14.Qxf3 Nbd7 15.Bd2 Re8
16.Bc4 Nh5 17.g4 Bd4+ 18.Kg2 Nhf6 19.Rae1 Nb6 20.b3 Nfd7 21.e5 dxe5 22.f5 e4
23.Rxe4 Ne5 24.Rxe5 Rxe5 25.fxg6 fxg6 26.Bh6 Qe8 27.d6+ Nxc4 28.d7 Ne3+
29.Bxe3 Qxd7 30.Bh6 Qc6 {#R} 0-1

[Event "Ch DDR (corr.)"]
[Site "masterchessopen.com - DDR"]
[Round "0"]
[White "Neubauer Martin (AUT)"]
[Black "Eiselt Peter (GER)"]
[Result "1-0"]
[WhiteElo "2431"]
[BlackElo "2012"]

1.d4 Nf6 2.c4 c5 3.d5 e6 4.Nc3 exd5 5.cxd5 d6 6.e4 g6 7.f4 Bg7 8.Bb5+ Nfd7
9.a4 a6 10.Bd3 O-O 11.Nf3 Nf6 12.h3 Nbd7 13.O-O Re8 14.Re1 Qc7 15.Bc2 Re7
16.e5 Ne8 17.e6 fxe6 18.dxe6 Ndf6 19.f5 gxf5 20.Bxf5 b6 21.Ng5 Bb7 22.Qc2 Bh6
23.Nf7 Bxc1 24.Qxc1 Ng7 25.Qg5 Rxf7 26.exf7+ Kxf7 27.Rf1 {#r} 1-0

[Event "Ch Europe (juniors)"]
[Site "masterchessopen.com - Groningen (Netherlands)"]
[Round "0"]
[White "Hjelm Niclas (SWE)"]
[Black "Andreasen Per (DEN)"]
[Result "1-0"]
[WhiteElo "2313"]
[BlackElo "2245"]

1.d4 Nf6 2.c4 c5 3.d5 e6 4.Nc3 exd5 5.cxd5 d6 6.e4 g6 7.f4 Bg7 8.Bb5+ Nfd7
9.a4 O-O 10.Nf3 a6 11.Be2 b6 12.O-O Re8 13.Nd2 Nf6 14.Bf3 Bb7 15.Re1 Nbd7
16.Nc4 Qb8 17.Be3 b5 18.axb5 axb5 19.Rxa8 Bxa8 20.Nxb5 Nxe4 21.Bxe4 Rxe4
22.Ncxd6 Rb4 23.Bxc5 Rxb5 24.Re8+ Qxe8 25.Nxe8 Rxc5 26.Nxg7 Rxd5 27.Qa1 Nb6
28.Ne8 Rd2 29.b4 Rxg2+ 30.Kf1 Kf8 31.Qh8+ Ke7 32.Qe5+ Kf8 33.Nc7 {#r} 1-0

[Event "Ch Europe (juniors)"]
[Site "masterchessopen.com - Groningen (Netherlands)"]
[Round "0"]
[White "Sjodahl Pontus (SWE)"]
[Black "Atkinson Paul (WLS)"]
[Result "0-1"]
[WhiteElo "2417"]
[BlackElo "2189"]

1.d4 Nf6 2.c4 c5 3.d5 e6 4.Nc3 exd5 5.cxd5 d6 6.e4 g6 7.f4 Bg7 8.Bb5+ Nfd7
9.a4 O-O 10.Nf3 Na6 11.O-O Nc7 12.Be2 a6 13.Nd2 f5 14.Nc4 Bd4+ 15.Kh1 fxe4
16.Nxe4 Nf6 17.Ncxd6 Nxe4 18.Nxe4 Nxd5 19.Bc4 Kh8 20.Nxc5 Ne3 21.Bxe3 Bxe3
22.Ne4 Qxd1 23.Raxd1 Bg4 24.Rd6 Rxf4 25.Rxf4 Bxf4 26.Rd4 Be5 27.Rd2 Rc8 28.Bf1
Rc1 29.Kg1 Bf4 30.Rd8+ Kg7 31.Kf2 Rc2+ 32.Ke1 Be3 {#R} 0-1

[Event "It (open)"]
[Site "masterchessopen.com - Lugano (Switzerland)"]
[Round "1"]
[White "Lev Ronen (ISR)"]
[Black "Valenti Giuseppe (ITA)"]
[Result "1-0"]
[WhiteElo "2396"]
[BlackElo "2136"]

1.d4 Nf6 2.c4 c5 3.d5 e6 4.Nc3 exd5 5.cxd5 d6 6.e4 g6 7.f4 Bg7 8.Bb5+ Nfd7
9.a4 O-O 10.Nf3 Na6 11.O-O Nb4 12.Bd2 a6 13.Bc4 Nb6 14.Be2 Re8 15.h3 Rb8
16.Be1 Nd7 17.Bg3 Qc7 18.Kh1 c4 19.e5 dxe5 20.fxe5 Nxe5 21.d6 Qc6 22.Nxe5 Bxe5
23.Bf3 Qd7 24.Bxe5 Rxe5 25.Ne4 Kg7 26.Nc5 Qe8 27.d7 Bxd7 28.Nxd7 Rd8 29.Qd6
Rxd7 30.Qxb4 {#r} 1-0

[Event "corr."]
[Site "masterchessopen.com - Netherlands"]
[Round "0"]
[White "Lont Addy (NED)"]
[Black "Kruis Rob (NED)"]
[Result "1-0"]
[WhiteElo "2301"]
[BlackElo "1926"]

1.d4 Nf6 2.c4 c5 3.d5 e6 4.Nc3 exd5 5.cxd5 d6 6.e4 g6 7.f4 Bg7 8.Bb5+ Nfd7
9.a4 O-O 10.Nf3 Qe7 11.O-O Bxc3 12.bxc3 Qxe4 13.f5 a6 14.Bd3 Qxd5 15.c4 Qc6
16.Bh6 Re8 17.fxg6 hxg6 18.Ng5 f5 19.Bxf5 gxf5 20.Qh5 Ne5 21.Rae1 Re7 22.Ne4
d5 23.Qg5+ Qg6 24.Qxe7 dxe4 25.Qd8+ Kh7 26.Qxc8 {#r} 1-0

[Event "It (open)"]
[Site "masterchessopen.com - Paris (France)"]
[Round "1"]
[White "Finegold Benjamin (USA)"]
[Black "Jaulin Marc (FRA)"]
[Result "1-0"]
[WhiteElo "2375"]
[BlackElo "2108"]

1.d4 Nf6 2.c4 c5 3.d5 e6 4.Nc3 exd5 5.cxd5 d6 6.e4 g6 7.f4 Bg7 8.Bb5+ Nfd7
9.a4 Qh4+ 10.g3 Qd8 11.Nf3 O-O 12.O-O Nf6 13.e5 dxe5 14.fxe5 Ng4 15.Qe2 a6
16.Bc4 Re8 17.e6 fxe6 18.dxe6 Bd4+ 19.Kg2 Kg7 20.Nxd4 Qxd4 21.Bf4 Qg1+ 22.Kxg1
{#r} 1-0

[Event "It (open)"]
[Site "masterchessopen.com - Spain"]
[Round "0"]
[White "Lopez Colon Francisco (ESP)"]
[Black "Fernandes Antonio (POR)"]
[Result "0-1"]
[WhiteElo "2061"]
[BlackElo "2409"]

1.d4 Nf6 2.c4 c5 3.d5 e6 4.Nc3 exd5 5.cxd5 d6 6.e4 g6 7.f4 Bg7 8.Bb5+ Nfd7
9.a4 O-O 10.Nf3 Na6 11.O-O Nb4 12.Re1 a6 13.Bf1 Nf6 14.e5 dxe5 15.fxe5 Nfxd5
16.Bg5 Qd7 17.Qb3 Qc6 18.Rad1 Be6 19.Bc4 Nb6 20.Bxe6 Qxe6 21.Qxe6 fxe6 22.Be7
Rfc8 23.Ng5 Rc6 24.Bd6 Re8 25.Nge4 Nd7 26.a5 Nxe5 27.Nxc5 Nc2 28.Re2 Nd4 {#R}
0-1

[Event "It (open)"]
[Site "masterchessopen.com - Szekszard (Hungary)"]
[Round "5"]
[White "Lovass Imre (HUN)"]
[Black "Horvath Tamas I (HUN)"]
[Result "1-0"]
[WhiteElo "2257"]
[BlackElo "2318"]

1.d4 Nf6 2.c4 e6 3.Nc3 c5 4.d5 exd5 5.cxd5 d6 6.e4 g6 7.f4 Bg7 8.Bb5+ Nfd7
9.a4 O-O 10.Nf3 Na6 11.O-O Nc7 12.Be2 Re8 13.Nd2 b6 14.Nc4 Nf8 15.Bf3 Ba6
16.Qb3 Bxc4 17.Qxc4 Rb8 18.Nb5 Ra8 19.Nxc7 Qxc7 20.e5 Rad8 21.exd6 Qxd6 22.Rb1
Nd7 23.b4 Bd4+ 24.Kh1 Nf6 25.bxc5 bxc5 26.Rb7 Nxd5 27.f5 Re7 28.Bxd5 {#r} 1-0

[Event "It (cat.8)"]
[Site "masterchessopen.com - Toronto (Canada)"]
[Round "8"]
[White "Norwood David (ENG)"]
[Black "Findlay Ian T (CAN)"]
[Result "1-0"]
[WhiteElo "2485"]
[BlackElo "2293"]

1.d4 Nf6 2.c4 e6 3.Nc3 c5 4.d5 exd5 5.cxd5 d6 6.e4 g6 7.f4 Bg7 8.Bb5+ Nfd7
9.a4 Na6 10.Nf3 Nb4 11.O-O O-O 12.Re1 a6 13.Bf1 Re8 14.h3 c4 15.Bxc4 Nc5
16.Bf1 h5 17.a5 Bd7 18.Be3 Nxe4 19.Bb6 Nxc3 20.bxc3 Rxe1 21.Nxe1 Qh4 22.cxb4
Bxa1 23.Qxa1 Qxf4 24.Bd4 Rc8 25.Nd3 Qd2 26.Bf2 Qc3 27.Qd1 Bb5 28.Qf3 Kg7
29.Qf4 Rc4 30.Qxd6 Re4 31.Nc5 Rxb4 32.Qe7 {#r} 1-0

[Event "Ch World (juniors) (under 20)"]
[Site "masterchessopen.com - Tunja (Colombia)"]
[Round "5"]
[White "Warner Delisle (BAR)"]
[Black "Segovia Javier (USA)"]
[Result "1-0"]
[WhiteElo "2249"]
[BlackElo "2142"]

1.d4 Nf6 2.c4 c5 3.d5 e6 4.Nc3 exd5 5.cxd5 d6 6.e4 g6 7.f4 Bg7 8.Bb5+ Nfd7
9.a4 O-O 10.Nf3 Na6 11.O-O Nb4 12.Re1 a6 13.Bf1 Re8 14.Kh1 Qc7 15.Qb3 Rb8
16.Bd2 b6 17.Rad1 Nf6 18.h3 Bd7 19.e5 Nh5 20.Kh2 dxe5 21.fxe5 Bxe5+ 22.Nxe5
Rxe5 23.d6 Qc6 24.Rxe5 Qxd6 25.Bf4 Qf6 26.Rxd7 Qxf4+ 27.Kg1 Rb7 28.Re8+ Kg7
29.Ne2 Qxf1+ 30.Kxf1 Rxd7 31.Qc3+ Nf6 32.g4 Nd3 {#r} 1-0

[Event "Ch Yugoslavia (team)"]
[Site "masterchessopen.com - Cetinje (Montenegro)"]
[Round "0"]
[White "Lazic Marina (YUG)"]
[Black "Micic Jordanka (GER)"]
[Result "0-1"]
[WhiteElo "2105"]
[BlackElo "2334"]

1.d4 Nf6 2.c4 c5 3.d5 e6 4.Nc3 exd5 5.cxd5 d6 6.e4 g6 7.f4 Bg7 8.Bb5+ Nfd7
9.a4 Na6 10.Nf3 O-O 11.O-O Nc7 12.Bd3 a6 13.Kh1 Rb8 14.a5 b5 15.axb6 Nxb6
16.Ra3 c4 17.Bc2 Nb5 18.Nxb5 axb5 19.Nd4 Bd7 20.Be3 Re8 21.Qf3 Qf6 22.Ra6 Qe7
23.Bg1 Na4 24.Ra7 Rec8 25.Nc6 Qe8 26.Nxb8 Rxb8 27.b3 Nb2 28.Re1 cxb3 29.Bxb3
Nc4 30.Bxc4 bxc4 31.e5 Bf5 {#R} 0-1

[Event "It (open)"]
[Site "masterchessopen.com - Groningen (Netherlands)"]
[Round "2"]
[White "Levitt Jonathan (ENG)"]
[Black "Zamansky Leonid (RUS)"]
[Result "1-0"]
[WhiteElo "2465"]
[BlackElo "2320"]

1.d4 Nf6 2.c4 e6 3.Nc3 c5 4.d5 exd5 5.cxd5 d6 6.e4 g6 7.f4 Bg7 8.Bb5+ Nfd7
9.a4 Qh4+ 10.g3 Qe7 11.Nf3 a6 12.Be2 O-O 13.O-O Nf6 14.e5 Ne8 15.Re1 Bg4 16.e6
Bxf3 17.Bxf3 fxe6 18.dxe6 Bxc3 19.bxc3 Nc6 20.Rb1 Rc8 21.Bb2 Ng7 22.Qd2 b5
23.Ba1 b4 24.Qg2 Qc7 25.cxb4 cxb4 26.Kh1 Ne7 27.Rxb4 Qc2 28.Rb7 Rfe8 29.Ra7
Qb3 30.Qb2 Qxf3+ 31.Kg1 Nxe6 32.Qh8+ Kf7 33.Qf6+ {#r} 1-0

[Event "Ch Finland"]
[Site "masterchessopen.com - Helsinki (Finland)"]
[Round "0"]
[White "Laine Heikki (FIN)"]
[Black "Paavilainen Jorma (FIN)"]
[Result "0-1"]
[WhiteElo "2290"]
[BlackElo "2305"]

1.d4 Nf6 2.c4 c5 3.d5 e6 4.Nc3 exd5 5.cxd5 d6 6.e4 g6 7.f4 Bg7 8.Bb5+ Nfd7
9.a4 Qh4+ 10.g3 Qd8 11.Nf3 O-O 12.O-O a6 13.Bc4 Nb6 14.Be2 Bg4 15.Be3 Re8
16.Qc2 Qe7 17.a5 Bxc3 18.Qxc3 Nxd5 19.exd5 Qxe3+ 20.Qxe3 Rxe3 21.Kf2 Rb3
22.Rab1 Bxf3 23.Bxf3 Nd7 24.Rfe1 Kf8 25.Re2 Re8 26.Rd2 Nf6 27.Rc2 Ree3 28.Bg2
Ng4+ 29.Kg1 Rb4 {#R} 0-1

[Event "It (open)"]
[Site "masterchessopen.com - Katowice (Poland)"]
[Round "10"]
[White "Doroshkievich Vladimir K (RUS)"]
[Black "Simonov Viktor (RUS)"]
[Result "1-0"]
[WhiteElo "2375"]
[BlackElo "2315"]

1.d4 Nf6 2.c4 c5 3.d5 e6 4.Nc3 exd5 5.cxd5 d6 6.e4 g6 7.f4 Bg7 8.Bb5+ Nfd7
9.a4 O-O 10.Nf3 Na6 11.O-O Nb4 12.Bd2 Nf6 13.h3 a6 14.Bc4 Re8 15.Re1 Rb8 16.a5
b5 17.axb6 Rxb6 18.e5 Nd7 19.Ne4 dxe5 20.d6 Nf8 21.fxe5 Be6 22.Bg5 Qc8 23.Nf6+
Bxf6 24.Bxf6 h6 25.Qd2 g5 26.Bxe6 Qxe6 27.Nxg5 Qd5 28.Qf2 Qd4 29.Re3 Nd5 30.e6
Nxf6 31.exf7+ Kg7 32.fxe8=Q Nxe8 33.Qf7+ {#r} 1-0

[Event "Tournament"]
[Site "masterchessopen.com - North Island (New Zealand)"]
[Round "0"]
[White "Ker Anthony F (NZL)"]
[Black "Tuffery Paul A (NZL)"]
[Result "1-0"]
[WhiteElo "2344"]
[BlackElo "2105"]

1.d4 Nf6 2.c4 e6 3.Nc3 c5 4.d5 exd5 5.cxd5 d6 6.e4 g6 7.f4 Bg7 8.Bb5+ Nfd7
9.a4 O-O 10.Nf3 Na6 11.O-O Nb4 12.Bd2 a6 13.Bc4 Nb6 14.b3 Bg4 15.h3 Bxf3
16.Qxf3 Nxc4 17.bxc4 Nc2 18.Rad1 Nd4 19.Qd3 Qd7 20.f5 Be5 21.f6 Rfb8 22.Rb1
Qd8 23.Rf2 Bxf6 24.Rbf1 Bg7 25.Rxf7 Nf5 26.exf5 Kxf7 27.f6 Bf8 28.Ne4 h6
29.Qg3 Qd7 30.Qh4 Re8 31.Ng5+ Kg8 32.f7+ Kg7 33.Ne6+ {#r} 1-0

[Event "It (open)"]
[Site "masterchessopen.com - Orange (France)"]
[Round "6"]
[White "Sahovic Dragutin (SCG)"]
[Black "Lupu Mircea-Sergiu (FRA)"]
[Result "0-1"]
[WhiteElo "2259"]
[BlackElo "2437"]

1.d4 Nf6 2.c4 c5 3.d5 e6 4.Nc3 exd5 5.cxd5 d6 6.e4 g6 7.f4 Bg7 8.Bb5+ Nfd7
9.a4 O-O 10.Nf3 Na6 11.O-O Nc7 12.Bc4 a6 13.Re1 Rb8 14.a5 b5 15.axb6 Nxb6
16.Bf1 Bb7 17.Nd2 Re8 18.Nc4 Nb5 19.Nxb5 axb5 20.Na5 c4 21.Ra2 Na4 22.Nxb7
Rxb7 23.Bxc4 Nxb2 24.Bxb2 Qb6+ 25.Kh1 bxc4 26.Bxg7 Kxg7 27.Qa1+ f6 28.h3 Kf7
29.Ra6 Qb2 30.Qd1 c3 31.Rc6 Qd2 32.Qa1 c2 33.Rc1 Ra8 {#R} 0-1

[Event "It (open)"]
[Site "masterchessopen.com - San Benedetto del Tronto (Italy)"]
[Round "0"]
[White "Casadei Mauro (ITA)"]
[Black "Suppa Ercole (ITA)"]
[Result "1-0"]
[WhiteElo "2167"]
[BlackElo "2123"]

1.d4 Nf6 2.c4 c5 3.d5 e6 4.Nc3 exd5 5.cxd5 d6 6.e4 g6 7.f4 Bg7 8.Bb5+ Nfd7
9.a4 O-O 10.Nf3 Na6 11.O-O Nc7 12.Bd3 b6 13.Re1 Re8 14.Be3 a6 15.Bf2 Rb8
16.Bh4 Bf6 17.Bg3 b5 18.axb5 axb5 19.e5 b4 20.Ne4 dxe5 21.d6 Nb5 22.fxe5 Bg7
23.Bc4 Nxe5 24.Nxe5 Bxe5 25.Bxe5 Rxe5 26.Bxb5 Rxb5 27.d7 Rxe4 28.Rxe4 Qxd7
29.Qe2 Rb6 30.Rd1 Qc7 31.Re7 Bg4 32.Re8+ {#r} 1-0

[Event "It (open)"]
[Site "masterchessopen.com - USA"]
[Round "0"]
[White "Gurevich Dmitry (USA)"]
[Black "Shaked Tal (USA)"]
[Result "1-0"]
[WhiteElo "2470"]
[BlackElo "2468"]

1.d4 Nf6 2.c4 c5 3.d5 e6 4.Nc3 exd5 5.cxd5 d6 6.e4 g6 7.f4 Bg7 8.Bb5+ Nfd7
9.a4 O-O 10.Nf3 Na6 11.O-O Nc7 12.Bc4 Rb8 13.Bd2 a6 14.Qe2 Re8 15.Rae1 b5
16.axb5 axb5 17.Nxb5 Nxb5 18.Bxb5 Qb6 19.Bc4 Qxb2 20.Kh1 Qb6 21.h3 Bb7 22.Qd3
Ra8 23.Rb1 Qa7 24.e5 dxe5 25.fxe5 Bxe5 26.d6 Ba6 27.Bxf7+ Kxf7 28.Nxe5+ Kg7
29.Bh6+ Kxh6 30.Qe3+ g5 31.Nf7+ {#r} 1-0

[Event "Spartakiada URS"]
[Site "masterchessopen.com - Azov (Russia)"]
[Round "4"]
[White "Maksimenko Andrei (UKR)"]
[Black "Kocur Alojzy (POL)"]
[Result "1-0"]
[WhiteElo "2553"]
[BlackElo "2270"]

1.d4 Nf6 2.c4 c5 3.d5 e6 4.Nc3 exd5 5.cxd5 d6 6.e4 g6 7.f4 Bg7 8.Bb5+ Nfd7
9.a4 O-O 10.Nf3 Na6 11.O-O Nb4 12.Re1 a6 13.Bf1 Re8 14.h3 Nf6 15.Bc4 Nd7
16.Be3 h6 17.Bf2 g5 18.e5 dxe5 19.fxg5 hxg5 20.Ne4 Nb6 21.Nfxg5 Bf5 22.b3
N4xd5 23.Qf3 Bg6 24.Rad1 f5 25.Rxd5 Nxd5 26.Bxd5+ {#r} 1-0

[Event "It (open)"]
[Site "masterchessopen.com - Bad Mondorf (Germany)"]
[Round "0"]
[White "Flear Glenn C (ENG)"]
[Black "Oei Hway Ik (NED)"]
[Result "1-0"]
[WhiteElo "2471"]
[BlackElo "2104"]

1.d4 Nf6 2.c4 e6 3.Nc3 c5 4.d5 exd5 5.cxd5 d6 6.e4 g6 7.f4 Bg7 8.Bb5+ Nfd7
9.a4 O-O 10.Nf3 Na6 11.O-O Nc7 12.Bc4 a6 13.Re1 Re8 14.e5 dxe5 15.d6 Ne6
16.fxe5 Nd4 17.Bg5 Qa5 18.Nxd4 cxd4 19.Bxf7+ Kxf7 20.Qb3+ Kf8 21.Rf1+ Nf6
22.Bxf6 Bf5 23.Qxb7 Bh6 24.b4 Rab8 25.Qxh7 Rxb4 26.Ne4 Rxe5 27.Be7+ Rxe7
28.dxe7+ {#r} 1-0

[Event "It (open)"]
[Site "masterchessopen.com - Benidorm (Spain)"]
[Round "0"]
[White "Rodriguez Orestes (ESP)"]
[Black "Garcia Jose Luis (ESP)"]
[Result "1-0"]
[WhiteElo "2470"]
[BlackElo "2078"]

1.d4 Nf6 2.c4 c5 3.d5 e6 4.Nc3 exd5 5.cxd5 d6 6.e4 g6 7.f4 Bg7 8.Bb5+ Nfd7
9.a4 O-O 10.Nf3 Na6 11.O-O Nc7 12.Bc4 b6 13.Re1 Re8 14.Nb5 Nf6 15.e5 dxe5
16.Nxc7 Qxc7 17.fxe5 Ng4 18.d6 Qd7 19.Bb5 Qe6 20.d7 Rd8 21.dxc8=Q Raxc8 22.Qe2
c4 23.Bg5 Rd3 24.Bxc4 {#r} 1-0

[Event "It (open)"]
[Site "masterchessopen.com - Hartberg (Austria)"]
[Round "0"]
[White "Postl Anton (AUT)"]
[Black "Moiseev Viktor (RUS)"]
[Result "0-1"]
[WhiteElo "2270"]
[BlackElo "2460"]

1.d4 Nf6 2.c4 c5 3.d5 e6 4.Nc3 exd5 5.cxd5 d6 6.e4 g6 7.f4 Bg7 8.Bb5+ Nfd7
9.a4 a6 10.Bd3 O-O 11.Nf3 Nf6 12.O-O Bg4 13.Qe1 Bxf3 14.Rxf3 Nbd7 15.Qf2 Re8
16.h3 c4 17.Bc2 b5 18.axb5 axb5 19.Rxa8 Qxa8 20.Be3 Qa1+ 21.Kh2 Qxb2 22.Bd4
Nxe4 {#R} 0-1